00258nam a22000977a 4500008004100000082001300041110002800054245003700082260003300119300000800152230621b xxu||||| |||| 00| 0 eng d a328bKNA bKenya National Assembly aBunge: The House for all Kenyans bState University of New York a24p